[Event "HUN-chT2 Breyer 1819"]
[Site "Hungary"]
[Date "2019.03.10"]
[Round "7.8"]
[White "Tessedik, Karoly"]
[Black "Marosvari, Gergo"]
[Result "1-0"]
[WhiteElo "1799"]
[BlackElo "1420"]
[PlyCount "53"]
[EventDate "2018.10.28"]
[EventType "team-tourn"]
[EventRounds "9"]
[EventCountry "HUN"]
[SourceTitle "EXT 2021"]
[Source "ChessBase"]
[SourceDate "2020.10.23"]
[SourceVersion "1"]
[SourceVersionDate "2020.10.23"]
[SourceQuality "1"]
[WhiteTeam "Torokbalint"]
[BlackTeam "Esztergom"]
[WhiteTeamCountry "HUN"]
[BlackTeamCountry "HUN"]

1. c4 Nf6 2. Nc3 d5 3. cxd5 Nxd5 4. g3 e6 5. Bg2 g6 6. Nf3 Bg7 7. d4 0-0 8. 0-0 Nd7 9. Qb3 c6 10. e4 N5f6 11. Rd1 Qb6 12. Qc2 Rd8 13. h3 a5 14. Be3 Qc7 15. Rac1 Nf8 16. a4 Qe7 17. Ne5 N8d7 18. Nxd7 Bxd7 19. d5 exd5 20. exd5 cxd5 21. Nxd5 Nxd5 22. Rxd5 Be6 23. Rc5 Rac8 24. Rxc8 Rxc8 25. Qxc8+ Bxc8 26. Rxc8+ Bf8 27. Bh6 1-0

[Event "HUN-chT2 Breyer 1718"]
[Site "Hungary"]
[Date "2018.03.04"]
[Round "9.11"]
[White "Marosvari, Gergo"]
[Black "Kolonics, Krisztian"]
[Result "1-0"]
[WhiteElo "1216"]
[BlackElo "1059"]
[PlyCount "67"]
[EventDate "2017.09.24"]
[EventType "team-tourn"]
[EventRounds "11"]
[EventCountry "HUN"]
[SourceTitle "EXT 2021"]
[Source "ChessBase"]
[SourceDate "2020.10.23"]
[SourceVersion "1"]
[SourceVersionDate "2020.10.23"]
[SourceQuality "1"]
[WhiteTeam "Esztergom"]
[BlackTeam "Budapest HASE"]
[WhiteTeamCountry "HUN"]
[BlackTeamCountry "HUN"]

1. d4 d5 2. Nf3 Nc6 3. Bf4 e6 4. e3 Bd6 5. Bg3 Bxg3 6. hxg3 Nf6 7. c3 Qd6 8. Bd3 Bd7 9. Nbd2 h6 10. Qc2 0-0-0 11. 0-0-0 a5 12. e4 Nxe4 13. Nxe4 dxe4 14. Bxe4 Na7 15. Ne5 Rhf8 16. c4 f6 17. c5 Qa6 18. Ng6 Rfe8 19. Rhe1 Bc6 20. f4 Bxe4 21. Rxe4 a4 22. Rde1 a3 23. b3 Nb5 24. Qc4 Qc6 25. Rxe6 Rxe6 26. Rxe6 Qxg2 27. Qxb5 Qb2+ 28. Kd1 Rxd4+ 29. Ke1 Rd1+ 30. Kxd1 Qb1+ 31. Kd2 Qxa2+ 32. Ke3 c6 33. Re8+ Kd7 34. Re7+ 1-0

[Event "Gyor Amateur op 11th"]
[Site "Gyor"]
[Date "2018.01.07"]
[Round "5"]
[White "Kuti, Oliver"]
[Black "Marosvari, Gergo"]
[Result "0-1"]
[WhiteElo "1271"]
[BlackElo "1285"]
[PlyCount "116"]
[EventDate "2018.01.06"]
[EventType "swiss"]
[EventRounds "6"]
[EventCountry "HUN"]
[SourceTitle "EXT 2019"]
[Source "ChessBase"]
[SourceDate "2018.10.10"]
[SourceVersion "1"]
[SourceVersionDate "2018.10.10"]
[SourceQuality "1"]

1. e4 e6 2. d4 d5 3. e5 c5 4. c3 Nc6 5. Nf3 Qb6 6. Bd3 Bd7 7. Bc2 Nge7 8. 0-0 Ng6 9. a3 Be7 10. b4 cxd4 11. cxd4 0-0 12. Qd3 Nxb4 13. axb4 Bb5 14. Qd1 Bxf1 15. Qxf1 Bxb4 16. Qd3 Rac8 17. h4 Qc6 18. Na3 Bxa3 19. Bxa3 Qxc2 20. Qxc2 Rxc2 21. Bxf8 Nxf8 22. Rxa7 Rb2 23. Kf1 h6 24. Ke1 Ng6 25. g3 Ne7 26. Nd2 Nc6 27. Ra4 Rb4 28. Rxb4 Nxb4 29. Nb3 Nc6 30. Kd2 Kf8 31. Ke3 Ke7 32. Nc5 b5 33. Kd3 f6 34. f4 h5 35. Ke3 Kf7 36. Nb3 Kg6 37. Nc5 Kf5 38. Kd3 fxe5 39. fxe5 Kg4 40. Nxe6 Kxg3 41. Nxg7 Kxh4 42. e6 Ne7 43. Kc3 Kg4 44. Nxh5 Kxh5 45. Kb4 Kg6 46. Kxb5 Kf6 47. Kb6 Kxe6 48. Kc5 Kf5 49. Kb4 Ke4 50. Kc5 Nf5 51. Kc6 Kxd4 52. Kb5 Kc3 53. Ka4 d4 54. Ka3 d3 55. Ka2 d2 56. Ka3 d1Q 57. Ka2 Qb3+ 58. Ka1 Qb2# 0-1

[Event "Gyor Amateur op 11th"]
[Site "Gyor"]
[Date "2018.01.06"]
[Round "1"]
[White "Horvath, Tamas2222"]
[Black "Marosvari, Gergo"]
[Result "0-1"]
[WhiteElo "1750"]
[BlackElo "1285"]
[PlyCount "114"]
[EventDate "2018.01.06"]
[EventType "swiss"]
[EventRounds "6"]
[EventCountry "HUN"]
[SourceTitle "EXT 2019"]
[Source "ChessBase"]
[SourceDate "2018.10.10"]
[SourceVersion "1"]
[SourceVersionDate "2018.10.10"]
[SourceQuality "1"]

1. e4 e6 2. Nf3 d5 3. d3 dxe4 4. Ne5 Bd6 5. Bf4 Qf6 6. dxe4 Bxe5 7. Bb5+ c6 8. Bc4 Bxb2 9. Bc7 Bxa1 10. 0-0 Be5 11. Bxe5 Qxe5 12. Na3 Qxe4 13. Bb3 Nf6 14. Nc4 0-0 15. Nd6 Qg4 16. f3 Qb4 17. Kh1 Rd8 18. Qc1 Qxd6 19. Re1 Qd2 20. c4 Qxc1 21. Rxc1 Rd2 22. Bd1 Rxa2 23. Bb3 Rd2 24. c5 Na6 25. g4 Bd7 26. f4 Nxg4 27. h3 Nf2+ 28. Kg1 Nxh3+ 29. Kf1 Rd8 30. Rc3 Nxf4 31. Ke1 Bc8 32. Kf1 R8d3 33. Rxd3 Rxd3 34. Bc2 Rd2 35. Be4 Nxc5 36. Bh1 Rd1+ 37. Kf2 Rxh1 38. Kg3 Nd5 39. Kf3 Rh4 40. Kg3 Ra4 41. Kf3 Kf8 42. Kg3 Ke7 43. Kf3 Kf6 44. Kg3 Kf5 45. Kh3 Kg5 46. Kg3 Ra3+ 47. Kf2 Kf4 48. Ke2 Rh3 49. Kd2 Ke4 50. Kc2 g5 51. Kd2 Re3 52. Kc2 g4 53. Kb2 g3 54. Kc2 g2 55. Kb2 g1Q 56. Kc2 Qf2+ 57. Kd1 Re1# 0-1

[Event "HUN-chT2 Breyer 1718"]
[Site "Hungary"]
[Date "2017.12.03"]
[Round "5.12"]
[White "Szucs, Robert"]
[Black "Marosvari, Gergo"]
[Result "1/2-1/2"]
[WhiteElo "1530"]
[BlackElo "1288"]
[PlyCount "84"]
[EventDate "2017.09.24"]
[EventType "team-tourn"]
[EventRounds "11"]
[EventCountry "HUN"]
[SourceTitle "EXT 2021"]
[Source "ChessBase"]
[SourceDate "2020.10.23"]
[SourceVersion "1"]
[SourceVersionDate "2020.10.23"]
[SourceQuality "1"]
[WhiteTeam "Paty"]
[BlackTeam "Esztergom"]
[WhiteTeamCountry "HUN"]
[BlackTeamCountry "HUN"]

1. e4 e6 2. d4 d5 3. exd5 exd5 4. Bd3 Nf6 5. h3 Be7 6. Nf3 Nbd7 7. 0-0 0-0 8. Bf4 b6 9. Nbd2 Bb7 10. Re1 Re8 11. c3 Rc8 12. Ne5 c5 13. Ndf3 Ne4 14. Bb5 Nxe5 15. Bxe8 Nxf3+ 16. gxf3 Qxe8 17. fxe4 dxe4 18. dxc5 Bxc5 19. Qg4 Qc6 20. Be3 Bd6 21. Rad1 Re8 22. Qg5 h6 23. Qg4 Re6 24. Kh1 Rg6 25. Qh5 Qd7 26. Rg1 Bc8 27. Rxg6 fxg6 28. Qd5+ Kh7 29. Qxd6 Qxh3+ 30. Kg1 Bg4 31. Re1 Bf3 32. Qh2 Qg4+ 33. Kf1 Qd7 34. Bd4 Qb5+ 35. Kg1 Qg5+ 36. Qg3 Qh5 37. Qh2 Qg5+ 38. Qg3 Qh5 39. Qh2 Qg5+ 40. Kf1 Qb5+ 41. Kg1 Qg5+ 42. Qg3 Qh5 1/2-1/2